000 00304nam a2200133Ia 4500
100 _aBolton/W
942 _cRB
654 _apocket book
245 _aNewnes engineering materials pocket book
260 _bHeinemann Newnes
_aOxford
_c1989
082 _a620.1
_bBOL
300 _a194
546 _aENGLISH
999 _c22679
_d22679